Long-term yield and growth performance of IRCA rubber clones in India. (Record no. 51757)

MARC details
000 -LEADER
fixed length control field 00465nam a2200181Ia 4500
100 ## - MAIN ENTRY--AUTHOR NAME
Personal name Reghu C P
245 #0 - TITLE STATEMENT
Title Long-term yield and growth performance of IRCA rubber clones in India.
260 ## - PUBLICATION, DISTRIBUTION, ETC. (IMPRINT)
Name of publisher Rubber Science
Year of publication 2014
300 ## - PHYSICAL DESCRIPTION
Number of Pages 38-44
650 ## - SUBJECT ADDED ENTRY--TOPICAL TERM
Topical Term Dry rubber yield
650 ## - SUBJECT ADDED ENTRY--TOPICAL TERM
Topical Term Girth
650 ## - SUBJECT ADDED ENTRY--TOPICAL TERM
Topical Term Plugging index
650 ## - SUBJECT ADDED ENTRY--TOPICAL TERM
Topical Term Timber yield
700 ## - ADDED ENTRY--PERSONAL NAME
Personal name Madhavan J
700 ## - ADDED ENTRY--PERSONAL NAME
Personal name Rao G P
942 ## - ADDED ENTRY ELEMENTS (KOHA)
Koha item type Bibliography STAF
Holdings
Withdrawn status Lost status Damaged status Not for loan Home library Current library Date acquired Serial Enumeration / chronology Koha item type
      Bibliography RRII Library RRII Library 02/07/2014 Volume 27, Issue 1 Bibliography STAF